22 quy luật bất biến trong Marketing = The 22 immutable law of marketing

Nội dung cuốn sách giới thiệu 22 quy luật bất biến trong Marketing. Là những quy luật cơ bản có khả năng chi phối nhất định đến sự thành công cũng như thất bại trong công việc kinh doanh của bạn. Những quy luật này mang giá trị thực tiễn cao,...

Cijeli opis

Spremljeno u:
Bibliografski detalji
Glavni autor: Ries, Al
Format: Knjiga
Jezik:Undetermined
Izdano: Thành phố Hồ Chí Minh Trẻ 2007
Teme:
Oznake: Dodaj oznaku
Bez oznaka, Budi prvi tko označuje ovaj zapis!
Thư viện lưu trữ: Trung tâm Học liệu Trường Đại học Cần Thơ
LEADER 01065nam a2200217Ia 4500
001 CTU_132273
008 210402s9999 xx 000 0 und d
020 |c 28000 
082 |a 658.8 
082 |b R559 
100 |a Ries, Al 
245 0 |a 22 quy luật bất biến trong Marketing = 
245 4 |b The 22 immutable law of marketing 
245 0 |c Al Ries, Jack Trout ; Phạm Đoan Trang, Lê Khánh Vy (biên dịch) 
260 |a Thành phố Hồ Chí Minh 
260 |b Trẻ 
260 |c 2007 
520 |a Nội dung cuốn sách giới thiệu 22 quy luật bất biến trong Marketing. Là những quy luật cơ bản có khả năng chi phối nhất định đến sự thành công cũng như thất bại trong công việc kinh doanh của bạn. Những quy luật này mang giá trị thực tiễn cao, dễ nắm bắt và vận dụng 
650 |a Marketing,Tiếp thị 
904 |i Quang Hiếu 
980 |a Trung tâm Học liệu Trường Đại học Cần Thơ